<?xml version="1.0" encoding="UTF-8"?>
<marc:record xmlns:marc="http://www.loc.gov/MARC21/slim">
   <marc:leader>00000nam a2200000 a 4500</marc:leader>
   <marc:datafield ind1="1" ind2=" " tag="100">
      <marc:subfield code="a">Soder, Stefan</marc:subfield>
      <marc:subfield code="4">aut</marc:subfield>
      <marc:subfield code="e">Verfasser/-in</marc:subfield>
   </marc:datafield>
   <marc:datafield ind1=" " ind2=" " tag="653">
      <marc:subfield code="a">Freundschaft</marc:subfield>
   </marc:datafield>
   <marc:datafield ind1=" " ind2=" " tag="653">
      <marc:subfield code="a">Lehrer</marc:subfield>
   </marc:datafield>
   <marc:datafield ind1=" " ind2=" " tag="653">
      <marc:subfield code="a">Freunde</marc:subfield>
   </marc:datafield>
   <marc:datafield ind1=" " ind2=" " tag="653">
      <marc:subfield code="a">Erzählende Literatur: Gegenwartsliteratur ab 1945</marc:subfield>
   </marc:datafield>
   <marc:datafield ind1=" " ind2=" " tag="653">
      <marc:subfield code="a">Berg</marc:subfield>
   </marc:datafield>
   <marc:datafield ind1=" " ind2=" " tag="653">
      <marc:subfield code="a">Softcover / Belletristik/Gegenwartsliteratur (ab 1</marc:subfield>
   </marc:datafield>
   <marc:datafield ind1=" " ind2=" " tag="653">
      <marc:subfield code="a">Soder</marc:subfield>
   </marc:datafield>
   <marc:datafield ind1=" " ind2=" " tag="653">
      <marc:subfield code="a">Tour</marc:subfield>
   </marc:datafield>
   <marc:datafield ind1=" " ind2=" " tag="653">
      <marc:subfield code="a">Skitour</marc:subfield>
   </marc:datafield>
   <marc:datafield ind1=" " ind2=" " tag="653">
      <marc:subfield code="a">Berater</marc:subfield>
   </marc:datafield>
   <marc:datafield ind1=" " ind2=" " tag="653">
      <marc:subfield code="a">Abrechnung</marc:subfield>
   </marc:datafield>
   <marc:datafield ind1="0" ind2="0" tag="245">
      <marc:subfield code="a">Die Tour</marc:subfield>
   </marc:datafield>
   <marc:datafield ind1=" " ind2="1" tag="264">
      <marc:subfield code="a">Wien</marc:subfield>
      <marc:subfield code="b">Braumüller Verlag</marc:subfield>
      <marc:subfield code="c">2019</marc:subfield>
   </marc:datafield>
   <marc:datafield ind1="1" ind2=" " tag="520">
      <marc:subfield code="a">Ein Lehrer, der die Schule schwänzt, um sich intimen Obsessionen hinzugeben. Ein erfolgreicher, mit sich hadernder Berater in der internationalen Finanzbranche&lt;br/&gt;im privaten Gewissenskonflikt.&lt;br/&gt;Mithilfe von dessen Ehefrau überredet Bernd seinen alten Freund Franz zu einer gemeinsamen Skitour. In ihrer Jugend unzertrennlich haben die beiden seit vielen Jahren nichts mehr zu zweit unternommen. Während sie den Berg&lt;br/&gt;besteigen, tauchen sie in ihre Vergangenheit ein, die sie verbindet und zugleich unausgesprochen zwischen ihnen steht. Die Perspektive wechselt hin und her wie die Serpentinen, über die sie den Berg hinauf spuren, wie die Schwünge,&lt;br/&gt;die sie bei der Abfahrt in den Schnee setzen. Ein Hin und Her, wie auch die Gedanken der beiden changieren, zwischen Offenheit und Rollenspiel, Verklärung und Groll, Verständnis und Abscheu, Vertrauen und Distanz, endgültigem Bruch und neuer Hoffnung.&lt;br/&gt;Ein Roman über Heimat und Entwurzelung, echte Freundschaft und Entfremdung, dörfliche Enge und Verlorenheit in einer globalisierten Welt.</marc:subfield>
   </marc:datafield>
   <marc:datafield ind1=" " ind2=" " tag="020">
      <marc:subfield code="a">9783992002467</marc:subfield>
      <marc:subfield code="9">9783992002467</marc:subfield>
   </marc:datafield>
   <marc:datafield ind1="1" ind2=" " tag="521">
      <marc:subfield code="a">0</marc:subfield>
   </marc:datafield>
   <marc:datafield ind1=" " ind2=" " tag="300">
      <marc:subfield code="a">263 Seiten</marc:subfield>
   </marc:datafield>
</marc:record>
